Capital budgeting (Record no. 3604)

MARC details
000 -LEADER
fixed length control field 00924nam a2200169 4500
020 ## - INTERNATIONAL STANDARD BOOK NUMBER
ISBN 9788176113793
050 ## - CALL NUMBER
Classification number HG4028
Item number .C4
100 ## - AUTHOR
Personal name Narain Prashad Agarwal;
245 ## - TITLE
Title Capital budgeting
Statement of responsibility, etc Narain Prashad Agarwal; B K Mishra
260 ## - PUBLICATION INFORMATION
Place of publication Jaipur
Name of publisher RBSA Publishers
Year of publication 2007
300 ## - DESCRIPTION
Number of Pages 1-404pgs
505 ## - FORMATTED CONTENTS NOTE
Table of Content 1. Introduction 1-18<br/>2. Capital project formulation 19-74<br/>3. Capital budgeting under the condition of certainty 75-152<br/>4. Capital budgeting under the conditions of risk and uncertainty 153-210<br/>5. Network Techniques in capital budgeting 211-260<br/>6. Capital budgeting finance 261-287<br/>7. Capital budgeting and social cost benefit analysis 288-341<br/>8. Capital budgeting and project management system 342-350<br/>9. Implementation and control of capital projects 351-404
650 ## - SUBJECTS
Topical Term Capital budget.
650 ## - SUBJECTS
Topical Term Capital budget --
700 ## - OTHER AUTHORS
Personal name B K Mishra
942 ## - ADDED ENTRY ELEMENTS (KOHA)
Koha item type Books
Holdings
Withdrawn status Lost status Collection code Home library Current library Shelving location Date acquired Full call number Accession Number Koha item type
    Reference Methodist University Library Main Methodist University Library Main General Stacks 21/02/2009 HG4028 .C4 23954 Books
    Reference Methodist University Library Main Methodist University Library Main General Stacks 21/02/2009 HG4028 .C4 23955 Books
      Methodist University Library Main Methodist University Library Main General Stacks 21/02/2009 HG4028 .C4 23957 Books
Copyright © 2026  MUG Library